000 00710nam a2200229Ia 4500
003 OSt
005 20220923230630.0
006 a|||||r|||| 00| 0
007 ta
008 220922b |||||||| |||| 00| 0 hin d
024 _a285,671
037 _cTextual
040 _aARTS
_cARTS
_bhin
041 _2hin
_ahin
082 _aO152,2M50,BD:g, P3
100 _aगौतम, रमेश
245 0 _aभारत दुर्दशा
_b सर्जन विश्लेश्ण और पाठ
246 _aBhārat durdashā: sarjan vishleshṇa aur pāṭha
260 _c2003
942 _hO152,2M50,BD:g, P3
_cTEXL
_2CC
999 _c386176
_d386176